000 00583nam a2200229Ia 4500
003 OSt
005 20221005125256.0
006 a|||||r|||| 00| 0
007 ta
008 221004b |||||||| |||| 00| 0 tam d
024 _a52416
037 _cTextual
040 _aCRL
_cCRL
_btam
041 _2tam
_atam
082 _aV211.G, 31K2
100 _aRattar Sadasiva pandarattar
_9636429
245 0 _aPandiyar varalaru
260 _c1962
650 _aHISTORY
942 _hV211.G, 31K2
_cTEXL
_2cc
999 _c1053507
_d1053507